000 00500nam a2200169Ia 4500
008 090711s9999 xx 000 0 und d
082 _b54314
100 _aकर्णिक मधु मंगेश
245 _aलामणदिवा
260 _c1983
300 _a196
600 _aकर्णिक मधु मंगेश
630 _aलामणदिवा
700 _aकर्णिक मधु मंगेश
730 _aलामणदिवा
942 _cBOOK
999 _c308972
_d308972